An OVERVIEW of forest products statistics in South and Southeast Asia : information and analysis for sustainable forest management: linking national and international efforts in South and Southeast Asia

Bibliographic Details
Corporate Author: Asia-Pacific Forestry Commission
Format: Book
Published: Bangkok : FAO Regional Office for Asia and the Pacific , 2002
Subjects:

MARC

LEADER 00000cam a2200000 7i4500
001 0000002212
005 20030331.0
020 0 0 |a 9747946319 
090 0 0 |a FAO338.1749021   |b OVE 2002 
245 0 3 |a An OVERVIEW of forest products statistics in South and Southeast Asia :   |b information and analysis for sustainable forest management: linking national and international efforts in South and Southeast Asia   |c edited by Ma Qiang and Jeremy S. Broadhead   |f EC-FAO Partnership Programme (2000-2002) Tropical Forestry Budget Line B7-6201/1B/98/0531 PROJECT GCP?RAS/173/EC 
260 0 0 |a Bangkok :   |b FAO Regional Office for Asia and the Pacific ,   |c 2002 
300 |a 177 p. ;   |c 30 cm. 
650 0 0 |a Forest products industry   |z Asia, Southeastern   |x Statistics 
710 1 1 |a Asia-Pacific Forestry Commission 
998 |a JPSM 
999 |a 0000003569   |b Monograph   |c Open Shelf   |e Default branch 
999 |a 0000003741   |b Monograph   |c Open Shelf   |e Default branch